| 000 | 00533nam a2200193Ia 4500 | ||
|---|---|---|---|
| 003 | OSt | ||
| 005 | 20200903124854.0 | ||
| 008 | 190216s9999||||xx |||||||||||||| ||und|| | ||
| 020 | _a9971513137 | ||
| 040 | _coclc | ||
| 082 |
_a530.12 _bGAS/Q |
||
| 100 |
_aGasiorowicz, Stephen _94409 |
||
| 245 | 0 |
_aQuantum Physics / _cStephen Gasiorowicz |
|
| 250 | _a2nd Ed. | ||
| 260 |
_bJohn Wiley & Sons, _c2000. _aNew York: |
||
| 300 | _a470p | ||
| 650 | _aPhysics | ||
| 942 |
_cBK _2ddc _h530.12 _iGAS/Q _k530.12 _mGAS/Q |
||
| 999 |
_c33646 _d33646 |
||